000 00658nam a22002177a 4500
003 0
005 20231018091817.0
008 231018b xxu||||| |||| 00| 0 eng d
020 _a978-1-98467-987-1
050 _aHB 615
_b.T57 2023
110 _a3G E-learning
245 _aEntrepreneurial behavior
_c3G E-learning
250 _aSecond edition
260 _aNew York
_b3G E-Learning, LLC
_cc2023.
300 _axii, 347 pages :
_bcol. ill. ;
_c26 cm.
_e1 DVD.
500 _aEntrepreneurship.
504 _aIncludes bibliographical references and index.
650 _aEntrepreneurship.
650 _aOrganizational behavior.
942 _2lcc
_cBK
999 _c365528
_d365528